LIBRARY & INFORMATION CENTRE, KCAET, TAVANUR

ONLINE PUBLIC ACCESS CATALOGUE (OPAC)

Soil feritlity and fertilizers: an introduction to nutrient management / (Record no. 13105)

MARC details
000 -LEADER
fixed length control field 00638cam a2200229ua 4500
041 ## - LANGUAGE CODE
Language code of text/sound track or separate title eng
082 ## - DEWEY DECIMAL CLASSIFICATION NUMBER
Classification number 631.8
Item number HAV/SO
100 ## - MAIN ENTRY--AUTHOR NAME
Personal name Havlin, John L .
245 ## - TITLE STATEMENT
Title Soil feritlity and fertilizers: an introduction to nutrient management /
250 ## - EDITION STATEMENT
Edition statement 7 /
260 ## - PUBLICATION, DISTRIBUTION, ETC. (IMPRINT)
Place of publication New Delhi :
Name of publisher Prentice Hall of India Pvt Ltd. ,
Year of publication 2005.
300 ## - PHYSICAL DESCRIPTION
Number of Pages 519 ; .
700 1# - ADDED ENTRY--PERSONAL NAME
Personal name Beaton, James D .
700 1# - ADDED ENTRY--PERSONAL NAME
Personal name Nelson, Werner L .
700 1# - ADDED ENTRY--PERSONAL NAME
Personal name Tisdale, Samuel L .
942 ## - ADDED ENTRY ELEMENTS (KOHA)
Koha item type Books
Holdings
Withdrawn status Lost status Damaged status Home library Current library Date acquired Full call number Accession Number Koha item type
      KAUAET KAUAET 07/04/2012 631.42 TIS/SO 21339 Books
      KAUAET KAUAET 07/04/2012 631.42 TIS/SO 21949 Books
      KAUAET KAUAET 03/10/2022 631.42 TIS/SO 24112 Books
      KAUAET KAUAET 03/10/2022 631.42 TIS/SO 20085 Books
      KAUAET KAUAET 03/10/2022 631.42 TIS/SO 19849 Books
free website counter